000
00338 a2200157 4500
001
57152
020
_a
8516035425
040
_c
Anchieta - Pituba
100
_a
Bandeira, Pedro
240
1
0
_a
Agora estou sozinha
_l
por
245
1
0
_a
Agora estou sozinha
300
_a
119
362
0
_a
2003
650
4
_a
Literatura juvenil
942
_c
BK
999
_c
57152
_d
57152